English Pub Names Quiz Stats

 Plays Quiz Updated Mar 5, 2019

Score 0/50 Timer 08:00
0 Plays Today
Rank Pub Name % Correct
2The Red Lion
68.9%
12The King's Head
53.2%
17The Queen's Head
52%
1The Crown
44.3%
14The King's Arms
44%
39The Fox
42%
8The White Horse
35%
4The Swan
33.3%
13The George
33.1%
30The Bull
31.8%
24The White Lion
30.8%
5The White Hart
30.7%
18The Black Horse
28.7%
3The Royal Oak
28.2%
20The Victoria
27.9%
15The Rose and Crown
26.1%
11The Ship
25.8%
9The Bell
24%
32The Fox and Hounds
22.1%
19The Prince of Wales
21.3%
37The Nag's Head
21%
7The Plough
21%
6The Railway
20.8%
27The Anchor
20.5%
45The Green Man
18.6%
Rank Pub Name % Correct
23The Star
17.8%
49The Black Bull
17.7%
25The Castle
17.5%
43The White Swan
17.4%
31The Coach and Horses
17%
41The Golden Lion
16.5%
36The George and Dragon
16.3%
16The Wheatsheaf
16.1%
29The Sun
15.7%
22The Cross Keys
15%
40The Lamb
14.5%
34The Hare and Hounds
14.2%
50The Cricketers
14.2%
10The New Inn
14.1%
26The Rising Sun
11.7%
21The Greyhound
11.3%
48The Wagon and Horses
9.3%
33The Angel
9.3%
46The Travellers' Rest
9.3%
28The Chequers
9.1%
35The Three Horseshoes
9%
38The Globe
8.8%
42The Mason's Arms
7.2%
44The Beehive
6.4%
47The Forester's Arms
4.9%

You're not logged in!

Compare scores with friends on all Sporcle quizzes.
OR
Log In

Sporcle TV

Today on Sporcle TV


Watch our educational content, quiz creation guides, and fun videos on Sporcle TV.

Show Comments

Extras

Top Quizzes Today


Score Distribution

Your Account Isn't Verified!

In order to create a playlist on Sporcle, you need to verify the email address you used during registration. Go to your Sporcle Settings to finish the process.

Report this User

Report this user for behavior that violates our Community Guidelines.

Details: